000 00564nam a22001577a 4500
008 160819b xxu||||| |||| 00| 0 eng d
020 _a9715421679
082 _22001
_aDFil 959.9047
_bG94
100 _913236
_aGuillermo, Alice G.
245 _aProtest/ revolutionary art in the Philippines 1970-1990/
_cAlice G. Guillermo
260 _aQuezon City:
_bUP Press,
_cc2001.
300 _a257 pages:
_billustrations;
_c25 cm.
500 _aIncludes bibliography, appendices and index.
650 0 _913238
_aHistory
_y1970-1990, Revolution
_zPhilippines
942 _2ddc
_cDFIL
999 _c3955
_d3955